Statistics for Dune (2021) Movie Quotes

Click here to take the quiz!

General Stats

  • This quiz has been taken 118 times
  • The average score is 10 of 21

Answer Stats

HintAnswer% Correct
"My road leads into the desert. I can see it."Paul Atreides
99%
"I must not fear. Fear is the mind-killer."Lady Jessica
96%
"My planet, Arrakis, is so beautiful when the sun is low."Chani
65%
"I don't believe you're the Lisan al-Ghaib.. but I want you to die with honor."Chani
63%
"It's coming. I see a holy war spreading across the universe like unquenchable fire."Paul Atreides
63%
"You never met Harkonnens before. I have. They are not human. They're brutal!"Gurney Halleck
62%
"When is a gift not a gift?"Baron Harkonnen
56%
"This is my desert. My Arrakis. My Dune."Baron Harkonnen
55%
"You fight when the necessity arises, no matter the mood. Now fight!"Gurney Halleck
54%
"Climb up. Rise. You're one of us now. A life for a life."Stilgar
54%
"On Arrakis we need to cultivate desert power."Duke Leto
53%
"Dreams make good stories, but everything important happens when we're awake."Duncan Idaho
49%
"I serve only one master. His name is Shai-Hulud."Liet-Kynes
45%
"Here I am, here I remain."Duke Leto
41%
"How can the Emperor take everything we've built and give it to that Duke?"Beast Rabban
38%
"An animal caught in a trap will gnaw off its own leg to escape."Gaius Helen Mohiam
31%
"Bless the Maker and His water. Bless the coming and going of Him."Liet-Kynes
31%
"The mystery of life isn't a problem to solve, but a reality to experience."Jamis
26%
"Like sifting sand through a screen, we sift people."Gaius Helen Mohiam
25%
"The Duke's son, he sees too much."Piter De Vries
18%
"When you have lived with prophecy for so long, the moment of revelation is a shock."Shadout Mapes
17%

Score Distribution

Percentile by Number Answered

Percent of People with Each Score

Your Score History

You have not taken this quiz